000 00495nam a2200193Ia 4500
003 GCL
008 140319s9999 xx 000 0 eng d
040 _aGCL /
_cGCL
082 0 4 _a759
_bL M
100 1 _aLACKNER, STEPHAN
245 1 0 _aMAX BECKMANN /
_cLACKNER, STEPHAN
260 _a[S.N] :
_bTHAMES AND HUDSON ،
_c1991
300 _a127 P
650 0 4 _aBECKMANN, MAX (1884 - 1950)
650 0 4 _aPAINTERS
650 0 4 _aMODERN ART
650 0 4 _aPAINTERS AND PAINTINGS
942 _2ddc
_cBK
999 _c11447
_d11447